LIBRARY & INFORMATION CENTRE, KCAET, TAVANUR

ONLINE PUBLIC ACCESS CATALOGUE (OPAC)

Methods of test for stabilized soils IS: 432 (Part IV)-1968 (Record no. 5979)

MARC details
000 -LEADER
fixed length control field 00618cam a2200145ua 4500
041 ## - LANGUAGE CODE
Language code of text/sound track or separate title eng
082 ## - DEWEY DECIMAL CLASSIFICATION NUMBER
Classification number 624.138
Item number IND/ME
245 ## - TITLE STATEMENT
Title Methods of test for stabilized soils IS: 432 (Part IV)-1968
260 ## - PUBLICATION, DISTRIBUTION, ETC. (IMPRINT)
Place of publication New Delhi :
Name of publisher Indian Standards Institution ,
Year of publication 1984.
300 ## - PHYSICAL DESCRIPTION
Number of Pages 9 ; .
942 ## - ADDED ENTRY ELEMENTS (KOHA)
Koha item type Books
Holdings
Withdrawn status Lost status Damaged status Home library Current library Date acquired Full call number Accession Number Koha item type
      KAUAET KAUAET 07/04/2012 624.138 17342 Standards
free website counter